000 01383nam0a22003011 4500
001 RU\INFOCOMM_322\NLR\5000232183
005 20250613112344.0
035 _a(NLR Aleph) 009608099
090 _a9353933
_c9353933
100 _a20130314d1976 |||y0rusy50 ca
101 0 _aeng
102 _aRU
105 _ay z |||||
200 1 _aOral speech practice
_eProverbs and sayings
210 _aM.
_c"Higher school"
_d1976
215 _a168 с.
_cил.
_d20 см
300 _aПредисл. на рус. яз.
300 _aВ вып. дан.: Нина Афанасьевна Афанасьева, Яков Григорьевич Биренбаум, Валентина Семеновна Вященко [и др.]. Пособие по развитию навыков устной речи на английском языке (на материале английских пословиц). [Учеб. пособие для ин-тов и фак. иностр. яз.]
320 _aБиблиогр. в предисл.: с. 3
620 _aМосква
686 _aШ143.21-93рус31
_2rubbk
700 1 _7ba
_8rus
_aAfanas'eva
_bN. A.
_cлингвист
_f1920-1981
_gNina Afanas'evna
_92641215
_3RU\NLR\AUTH\770272595
801 1 _aRU
_bInfocomm
_c20130314
801 0 _aRU
_bINFOCOMM
_gPSBO
852 _aNLR
_jЯ61 Д-3/275
_y2 экз.
942 _cBOOK
980 _aNB